[Event "AUTO-ELITE-926"]
[Site "http://www.queenalice.com/game.php?id=1030460"]
[Date "2012.2.17"]
[Round "1"]
[White "AndreaLM"]
[Black "aormic"]
[Result "0-1"]
[WhiteElo "2219"]
[BlackElo "2309"]

1. d4 Nf6 2. c4 g6 3. Nc3 Bg7 4. e4 d6 5. f3 O-O 6. Be3 c5 7. d5 e6 8. Nge2 exd5
9. cxd5 Nbd7 10. Ng3 Re8 11. Be2 a6 0-1

[Event "AUTO-MASTER-1896"]
[Site "http://www.queenalice.com/game.php?id=1193890"]
[Date "2013.6.25"]
[Round "1"]
[White "vivafischer"]
[Black "AndreaLM"]
[Result "1/2-1/2"]
[WhiteElo "2219"]
[BlackElo "2223"]

1. e4 d5 2. exd5 Nf6 3. d4 Nxd5 4. Nf3 g6 5. c4 Nb6 6. Be3 Bg7 7. Be2 O-O 8. h3
Nc6 9. Nc3 e5 10. d5 Ne7 11. Qd2 Nf5 12. Bg5 f6 13. Be3 Nxe3 14. Qxe3 f5 15. O-O
e4 16. Nd4 Qe7 17. Nb3 f4 18. Qxe4 Qxe4 19. Nxe4 Bxb2 20. Rab1 Ba3 21. f3 Bf5
22. Na5 Rae8 23. Bd3 Bc8 24. Nb3 Na4 1/2-1/2

[Event "AUTO-MASTER-1896"]
[Site "http://www.queenalice.com/game.php?id=1193891"]
[Date "2013.6.25"]
[Round "1"]
[White "AndreaLM"]
[Black "vivafischer"]
[Result "1-0"]
[WhiteElo "2201"]
[BlackElo "2260"]

1. d4 e6 2. c4 f5 3. Nf3 Nf6 4. Nc3 d5 5. Bf4 c6 6. e3 Be7 7. Bd3 O-O 8. Qc2 Qe8
9. h3 Ne4 10. g4 Nd7 11. gxf5 exf5 12. cxd5 Nxc3 13. bxc3 cxd5 14. Bxf5 Nb6 15.
Bxh7+ Kh8 16. Ne5 Rf6 17. Bg6 1-0

[Event "AUTO-MASTER-1896"]
[Site "http://www.queenalice.com/game.php?id=1193906"]
[Date "2013.6.25"]
[Round "1"]
[White "AndreaLM"]
[Black "Rutty"]
[Result "1/2-1/2"]
[WhiteElo "2215"]
[BlackElo "2148"]

1. d4 d5 2. c4 c6 3. cxd5 cxd5 4. Nc3 Nf6 5. Bf4 Bd7 6. Qb3 Bc6 7. e3 e6 8. Nf3
Nbd7 9. Bd3 a6 10. h3 Be7 11. Rc1 O-O 12. O-O Rc8 13. Ne5 Nxe5 14. dxe5 Nd7 15.
Ne2 b5 16. Nd4 Bb7 17. Bb1 Nb6 18. Qd3 g6 19. Qe2 Kg7 20. b3 1/2-1/2

[Event "AUTO-MASTER-1896"]
[Site "http://www.queenalice.com/game.php?id=1193907"]
[Date "2013.6.25"]
[Round "1"]
[White "Rutty"]
[Black "AndreaLM"]
[Result "0-1"]
[WhiteElo "2146"]
[BlackElo "2213"]

1. d4 Nf6 2. c4 c5 3. d5 b5 4. b3 e6 5. dxe6 fxe6 6. e3 bxc4 7. Bxc4 Be7 8. Nf3
O-O 9. Bb2 d5 10. Be2 Nc6 11. O-O Qc7 12. Nc3 Rb8 13. h3 c4 14. Nd4 Nxd4 15.
Qxd4 cxb3 16. axb3 Rxb3 17. Rxa7 Qc5 18. Na4 Qxd4 19. Bxd4 Rb7 20. Rxb7 Bxb7 21.
Nc5 Bc8 22. f3 e5 23. Bxe5 Bxc5 24. Kf2 Ne4+ 25. Ke1 Bb4+ 26. Kd1 Nc3+ 27. Bxc3
Bxc3 28. Kc2 Ba5 29. Ra1 Bb6 30. Kd2 Re8 31. Ra3 Bc5 32. Rb3 Bd7 33. g4 Ba4 34.
Rd3 Bb4+ 35. Kc1 Rc8+ 0-1

[Event "AUTO-ELITE-1194"]
[Site "http://www.queenalice.com/game.php?id=1209947"]
[Date "2013.8.20"]
[Round "1"]
[White "AndreaLM"]
[Black "rsgaspar"]
[Result "1/2-1/2"]
[WhiteElo "2241"]
[BlackElo "2458"]

1. d4 d5 2. c4 e6 3. Nc3 Nf6 4. cxd5 exd5 5. Bg5 Bb4 6. e3 O-O 7. Bd3 h6 8. Bh4
c5 9. Ne2 c4 10. Bc2 Nc6 11. O-O g5 12. Bg3 Be6 13. f3 Qe7 14. Kh1 Ba5 15. Bf2
Rfd8 16. a3 a6 17. Qd2 Bb6 18. Rad1 Ne8 19. Bg1 Nc7 20. f4 Ba5 21. fxg5 hxg5 22.
Ng3 f6 23. e4 Bg4 24. Rde1 Qg7 25. Bd1 Bxd1 26. Qxd1 Qg6 27. Qf3 Bxc3 28. bxc3
dxe4 29. Nxe4 Nd5 30. Nxf6+ Nxf6 31. Qxf6 Qxf6 32. Rxf6 Rd5 33. Ref1 Ne7 34. Be3
Rb5 35. a4 Rb3 36. Bxg5 Nd5 37. Rg6+ Kh7 38. Rd6 Rf8 39. Re1 Re8 40. Rf1 Nxc3
41. h4 Ne4 42. Rf7+ Kg8 43. Rdd7 Nxg5 44. hxg5 b5 45. Rg7+ Kh8 46. Rh7+ Kg8 47.
Rhg7+ 1/2-1/2

[Event "AUTO-ELITE-1194"]
[Site "http://www.queenalice.com/game.php?id=1209948"]
[Date "2013.8.20"]
[Round "1"]
[White "rsgaspar"]
[Black "AndreaLM"]
[Result "0-1"]
[WhiteElo "2468"]
[BlackElo "2222"]

1. e4 d5 2. exd5 Nf6 3. Bb5+ Bd7 4. Bc4 b5 5. Bb3 Bg4 6. Nf3 Nxd5 7. h3 Bh5 8.
Nc3 Nxc3 9. bxc3 e6 10. Qe2 c6 11. g4 Bg6 12. h4 h5 13. Ne5 Qf6 14. g5 Qf5 15.
Nxg6 Qxg6 16. a4 b4 17. cxb4 Bxb4 18. c3 Be7 19. d4 Qf5 20. Bc2 Qa5 21. Bd2 g6
22. O-O Qc7 23. Rfe1 Nd7 24. Be4 Rb8 25. Bxg6 fxg6 26. Qxe6 Nf8 27. Qf6 Rh7 28.
Bf4 Qc8 29. Bxb8 Qxb8 30. Qxg6+ Nxg6 31. Re4 Qb2 32. Rae1 Qxc3 0-1

[Event "AUTO-MASTER-1896"]
[Site "http://www.queenalice.com/game.php?id=1211933"]
[Date "2013.8.27"]
[Round "2"]
[White "chunyi2012"]
[Black "AndreaLM"]
[Result "1-0"]
[WhiteElo "2216"]
[BlackElo "2236"]

1. e4 d5 2. e5 c5 3. Nf3 Bg4 4. Bb5+ Nc6 5. O-O e6 6. d3 Ne7 7. h3 Bh5 8. Bf4 a6
9. Bxc6+ Nxc6 10. g4 Bg6 11. c4 Nb4 12. cxd5 Qxd5 13. Nc3 Qxd3 14. Bg5 Be7 15.
Bxe7 Kxe7 16. Qxd3 Nxd3 17. b3 b5 18. Rfd1 Rhd8 19. a4 b4 20. Ne2 Rd5 21. Nh4
Rad8 22. Nc1 Nxe5 23. Rf1 Nc6 24. f4 1-0

[Event "AUTO-MASTER-1896"]
[Site "http://www.queenalice.com/game.php?id=1211934"]
[Date "2013.8.27"]
[Round "2"]
[White "AndreaLM"]
[Black "chunyi2012"]
[Result "0-1"]
[WhiteElo "2248"]
[BlackElo "2238"]

1. d4 d5 2. c4 Nc6 3. Nc3 dxc4 4. Nf3 Nf6 5. e4 Bg4 6. Be3 Bxf3 7. gxf3 e5 8. d5
Na5 9. Qa4+ c6 10. dxc6 Nxc6 11. Bxc4 Bb4 12. Rd1 Bxc3+ 13. bxc3 Qc7 14. Bc5 Nd7
15. Bd6 Qb6 16. O-O Qd8 17. Rd3 Nb6 18. Qb3 Nxc4 19. Qxc4 Qg5+ 20. Kh1 Rd8 21.
Rb1 Rd7 0-1

[Event "AUTO-ELITE-1662"]
[Site "http://www.queenalice.com/game.php?id=1416524"]
[Date "2016.4.3"]
[Round "1"]
[White "AndreaLM"]
[Black "HakunaMatata"]
[Result "0-1"]
[WhiteElo "2206"]
[BlackElo "2228"]

1. d4 d6 2. c4 g6 3. Nc3 Bg7 4. e4 Nd7 5. Be3 e5 6. Nge2 Ne7 7. Qd2 O-O 8. f3 f5
9. O-O-O fxe4 10. fxe4 Nb6 11. b3 Bg4 12. d5 a5 13. h3 Bd7 0-1

[Event "AUTO-ELITE-1662"]
[Site "http://www.queenalice.com/game.php?id=1416525"]
[Date "2016.4.3"]
[Round "1"]
[White "HakunaMatata"]
[Black "AndreaLM"]
[Result "1-0"]
[WhiteElo "2216"]
[BlackElo "2219"]

1. d4 Nf6 2. Nf3 g6 3. g3 Bg7 4. Bg2 O-O 5. O-O d6 6. c4 Nc6 7. Nc3 Bf5 8. Nh4
Bd7 9. e4 e5 10. d5 Nd4 11. Be3 Re8 12. Qd2 1-0

[Event "AUTO-ELITE-1662"]
[Site "http://www.queenalice.com/game.php?id=1416526"]
[Date "2016.4.3"]
[Round "1"]
[White "AndreaLM"]
[Black "Norfair"]
[Result "0-1"]
[WhiteElo "2195"]
[BlackElo "2562"]

1. d4 Nf6 2. c4 g6 3. Nc3 Bg7 4. e4 d6 5. f3 O-O 6. Be3 Nc6 7. Nge2 a6 8. Qd2
Bd7 9. Nc1 Nh5 10. Nb3 a5 11. g4 Nf6 0-1

[Event "AUTO-ELITE-1663"]
[Site "http://www.queenalice.com/game.php?id=1416685"]
[Date "2016.4.4"]
[Round "1"]
[White "AndreaLM"]
[Black "Norfair"]
[Result "0-1"]
[WhiteElo "2207"]
[BlackElo "2561"]

1. d4 Nf6 2. c4 g6 3. Nc3 Bg7 4. e4 d6 5. f3 O-O 6. Be3 c5 7. Nge2 Nc6 8. d5 Ne5
9. Ng3 e6 10. Be2 a6 0-1